000 00949cam a2200193 4500
001 L136995
008 070308s2007 xxk f 000 0 eng d
035 _a(Sirsi) u136995
041 0 _aeng
110 2 _aHBOS plc
_94703
245 0 0 _aOne in five home buyers now over the higher stamp duty threshold
260 _c2007
520 _aCalculates that over the past five years there has been a 281% rise in the number of home sales in England and Wales above the £250,000 threshold at which a 3% rate of stamp duty is levied. The number of residential property sales attracting at least 3% stamp duty has increased from 73,403 in 2001 to 279,408 in 2006.
590 _aKA NTK
651 4 _aEngland and Wales
_y1543-
690 _aPROPERTY-PROPERTY TAXATION
856 4 8 _uhttps://www.easier.com/32569-one-in-five-home-buyers-now-over-the-higher-stamp-duty-threshold.html
_zView the press release free of charge at www.easier.com
942 _n0
999 _c106574
_d106574